Mexican Tales (Record no. 5954)
[ view plain ]
| 000 -CABECERA | |
|---|---|
| campo de control de longitud fija | 00895nam a2200265 a 4500 |
| 001 - NÚMERO DE CONTROL | |
| campo de control | BRCA_6267 |
| 005 - FECHA Y HORA DE LA ÚLTIMA TRANSACCIÓN | |
| campo de control | 20190320205407.0 |
| 008 - DATOS DE LONGITUD FIJA--INFORMACIÓN GENERAL | |
| campo de control de longitud fija | 290711s1937----mx-ab#####---#000-0#eng-# |
| 041 ## - CÓDIGO DE LENGUA | |
| Código de lengua del texto/banda sonora o título independiente | eng |
| 044 ## - CÓDIGO DEL PAÍS DE LA ENTIDAD EDITORA/PRODUCTORA | |
| Código MARC del país | mx |
| 050 #4 - SIGNATURA TOPOGRÁFICA DE LA BIBLIOTECA DEL CONGRESO | |
| Número de clasificación | F1210 |
| Número de documento/Ítem | .G66 1937 |
| 100 1# - ENTRADA PRINCIPAL--NOMBRE DE PERSONA | |
| Nombre de persona | Goodspeed, Bernice I. |
| 9 (RLIN) | 15728 |
| 245 10 - MENCIÓN DE TÍTULO | |
| Título | Mexican Tales |
| Resto del título | a compilation of mexican stoties and legends, with maps and complete travel and shopping directory |
| Mención de responsabilidad, etc. | by Bernice I. Goodspeed ; ilustrated by Carl Pappe. |
| 260 ## - PUBLICACIÓN, DISTRIBUCIÓN, ETC. | |
| Lugar de publicación, distribución, etc. | México |
| Nombre del editor, distribuidor, etc. | Cultura |
| Fecha de publicación, distribución, etc. | 1937 |
| 300 ## - DESCRIPCIÓN FÍSICA | |
| Extensión | 199 p. |
| Otras características físicas | il., 2 mapas |
| Dimensiones | 23 cm. |
| 500 ## - NOTA GENERAL | |
| Nota general | Incluye dedicatoria del autor |
| 500 ## - NOTA GENERAL | |
| Nota general | Estado físico: Encuadernación deteriorada |
| 500 ## - NOTA GENERAL | |
| Nota general | C11 |
| 650 14 - PUNTO DE ACCESO ADICIONAL DE MATERIA--TÉRMINO DE MATERIA | |
| Término de materia o nombre geográfico como elemento de entrada | Leyendas |
| 9 (RLIN) | 9124 |
| 651 #4 - PUNTO DE ACCESO ADICIONAL DE MATERIA--NOMBRE GEOGRÁFICO | |
| Nombre geográfico | México |
| Subdivisión general | Descripción y viajes |
| 9 (RLIN) | 103 |
| 651 #4 - PUNTO DE ACCESO ADICIONAL DE MATERIA--NOMBRE GEOGRÁFICO | |
| Nombre geográfico | México |
| Subdivisión general | Vida social y costumbres |
| 9 (RLIN) | 769 |
| 700 1# - PUNTO DE ACCESO ADICIONAL--NOMBRE DE PERSONA | |
| Nombre de persona | Pappe, Carl |
| Término indicativo de función/relación | Ilustrador |
| 9 (RLIN) | 15729 |
| 902 ## - CATALOGADOR | |
| Iniciales | GFM |
| 942 ## - ELEMENTOS DE PUNTO DE ACCESO ADICIONAL (KOHA) | |
| Fuente del sistema de clasificación o colocación | Library of Congress Classification |
| Tipo de ítem Koha | Libros |
| Estado de retiro | Estado de pérdida | Estado dañado | No para préstamo | Localización permanente | Ubicación/localización actual | Fecha de adquisición | Número de inventario | Total de préstamos | Signatura topográfica completa | Código de barras | Fecha visto por última vez | Precio válido a partir de | Tipo de ítem Koha |
|---|---|---|---|---|---|---|---|---|---|---|---|---|---|
| El ejemplar forma parte de la colección y puede ser consultado según las políticas vigentes. | Biblioteca del Museo Franz Mayer (Rogerio Casas-Alatriste) | Biblioteca del Museo Franz Mayer (Rogerio Casas-Alatriste) | 29/07/2011 | C11 | F1210 .G66 1937 (C11) | 6706 | 22/03/2019 | 22/03/2019 | Libros |